000 00978nam0a2200301 4500
001 RU\NLR\BIBL_A\012316412
005 20250624014331.0
010 _95000
035 _a(NLR Aleph) 012316412
090 _a13300895
_c13300895
100 _a20200817d1986 |||y0rusy50 ca
101 0 _aaze
102 _aAZ
105 _ac z 000 y
181 0 _ai
_baxxe
182 0 _an
200 1 _aАрхада һәсрәт вар
_eше'рләр вә поемалар
_fИслам Туркаj
203 _aТекст
_bвизуальный
_cнепосредственный
210 _aБакы
_cJазычы
_d1986
215 _a116 с.
_cпортр.
_d14
541 1 _aТоска за плечами
_eстихи и поэмы
686 1 _aШ6(2=Аз)7-5
700 1 _aТуркаj
_bИ.
_gИслам
_4070
790 1 _aАхмедов
_bИ. А. оглы
_gИслам Афдик оглы
_4070
852 _aNLR
_bОНЛ
_jАзерб./1-2608
942 _cBOOK
980 _aNB